Statistics for Boise Airport Destinations (Boise, ID, USA)

Click here to take the quiz!

General Stats

  • This quiz has been taken 42 times
    (11 since last reset)
  • The average score is 20 of 27

Answer Stats

AirlineDestination% Correct
United Airlines/United ExpressChicago (O'Hare)
100%
American AirlinesDallas/Fort Worth
100%
Southwest AirlinesDallas (Love)
100%
Southwest Airlines/United Airlines/United ExpressDenver
100%
Alaska Airlines/Allegiant Air/Delta Connection/United ExpressLos Angeles
100%
Delta Air Lines/Sun Country AirlinesMinneapolis/St. Paul
100%
Alaska Airlines/Southwest AirlinesSacramento
100%
Alaska Airlines/Southwest AirlinesSan Diego
100%
Alaska Airlines/United Airlines/United ExpressSan Francisco
100%
Delta Air LinesAtlanta
90%
Alaska Airlines/Allegiant Air/Southwest Airlines/Spirit AirlinesLas Vegas
90%
Allegiant AirPhoenix/Mesa
90%
Alaska Airlines/American Airlines/Southwest AirlinesPhoenix (Sky Harbor)
90%
Alaska AirlinesPortland (OR)
90%
Delta Air Lines/Delta ConnectionSalt Lake City
90%
Alaska Airlines/Delta ConnectionSeattle/Tacoma
90%
United ExpressHouston (Intercontinental)
80%
Alaska Airlines/Southwest AirlinesSan Jose (CA)
80%
Southwest AirlinesLong Beach
70%
Alaska AirlinesSpokane
70%
Southwest AirlinesOakland
60%
Alaska Airlines/Avelo Airlines/Southwest AirlinesBurbank
50%
Allegiant AirOrange County
50%
Alaska AirlinesPalm Springs
30%
Avelo AirlinesSanta Rosa
20%
Alaska AirlinesPullman
0%
Gem AirSalmon
0%

Score Distribution

Percentile by Number Answered

Percent of People with Each Score

Your Score History

You have not taken this quiz since the last reset